[Event "Olympiad-36"]
[Site "Mallorca"]
[Date "2004.10.16"]
[Round "2"]
[White "Hernandez Guerrero, Gilberto Eduardo"]
[Black "Kotronias, Vasilios"]
[Result "0-1"]
[WhiteElo "2509"]
[BlackElo "2599"]
[Annotator "Finkel,A"]
[PlyCount "104"]
[EventDate "2004.10.15"]
[EventType "team-swiss"]
[EventRounds "14"]
[EventCountry "ESP"]
[SourceTitle "CBM 104"]
[Source "ChessBase"]
[SourceDate "2005.01.27"]
[SourceVersion "1"]
[SourceVersionDate "2005.01.27"]
[SourceQuality "1"]
[WhiteTeam "Mexico"]
[BlackTeam "Greece"]
[WhiteTeamCountry "MEX"]
[BlackTeamCountry "GRE"]

1. e4 c5 2. Nf3 Nc6 3. Bb5 g6 4. O-O Bg7 5. c3 Nf6 6. Qa4 O-O 7. d4 ({Very
serious attention deserved} 7. e5 $5 Nd5 8. Re1 Nc7 9. Bxc6 dxc6 10. Qh4 Ne6
11. d4 cxd4 12. cxd4 c5 13. dxc5 Nxc5 14. Nc3 $36 {Skripchenko,A-Mira,H/
Mallorca 2004}) 7... cxd4 8. cxd4 Nxe4 {Instead of accpeting white's sacrifice
black could've offered a one of his own:} (8... d6 9. Bxc6 (9. Nc3 Bg4 (9...
Bd7 10. d5 Nb8 11. Be3 a6 12. Bxd7 Nbxd7 13. Qb3 Qa5 14. Bd4 b5 $13 {
Morozevich,A-Anand,V/Frankfurt 2000}) 10. d5 Nb8 11. Be2 Nbd7 12. Be3 a6 13.
Qb4 Qb8 14. h3 Bxf3 15. Bxf3 Rc8 $132 {Potkin,V-Gagarin,V/Moscow 2000}) 9...
bxc6 10. Qxc6 Bg4 11. Nbd2 Qc8 (11... Qb8 12. Re1 Rc8 13. Qa4 a5 14. h3 Bd7 15.
Qa3 e5 16. d5 Nh5 17. Nb1 Nf4 18. Be3 Qb4 19. Nbd2 $14 {Kovalev,A-McShane,L/
Mallorca 2004}) 12. Qxc8 Rfxc8 13. Re1 Bh6 14. Nc4 Bxc1 15. Raxc1 d5 16. exd5
Bxf3 17. gxf3 Nxd5 $44 {Svidler,P-Gelfand,B/Rethymnon 2003}) (8... d5 9. e5 Nd7
10. Nc3 Nb6 11. Qd1 Bg4 12. Bxc6 bxc6 13. h3 Bxf3 14. Qxf3 e6 15. b3 $14 {
Balashov,Y-Grigoriev,V/St Petersburg 2000}) 9. d5 Nc5 10. Qa3 (10. Qc2 Qb6 11.
Nc3 Nb4 12. Qe2 d6 13. a3 Nba6 14. Be3 Bg4 15. Rac1 Qd8 $13 {Odeev,H-Svidler,P/
Moscow 1994}) 10... Qb6 {It turns out that black deosn't lose a piece!} 11. Nc3
Nd4 (11... Ne5 12. Nxe5 Bxe5 13. Bh6 Rd8 14. Rfe1 Bd6 15. b4 Na6 16. Re4 $16 {
Totsky,L-Grebenkin,V/Ekaterinburg 1997}) 12. Nxd4 Bxd4 13. Bh6 d6 $1 {Extremly
strong move after which black gets at least an equal chances.} (13... Bg7 $6
14. Bxg7 (14. Be3 d6 15. b4 Bxc3 16. Qxc3 Qxb5 17. Bh6 $6 (17. bxc5) 17... f6
18. Bxf8 Na4 $17 {Maksimov,M-Smirnov,A/Kaluga 1996}) 14... Kxg7 15. b4 Ne4 16.
Nxe4 Qxb5 17. Qc3+ f6 18. d6 $36 {Kovalev,A-Kuznetsov,V/Alushta 2004}) (13...
Re8 14. Rad1 e5 $2 15. dxe6 Nxe6 16. Nd5 Qd8 17. Rxd4 Nxd4 18. Qc3 $18 {
Totsky,L-Wirig,A/Pardubice 2003}) 14. Bxf8 {It's hard to stnad the temptation,
but may be it was safer for white to refrain from giving up his darksquared
bishop.} (14. Rae1 Bf6 $1 15. Bxf8 Kxf8 16. b4 {[%csl Rc3]} Nd7 17. Be2 (17.
Qb3 a5 18. a3 Ne5 19. Re3 Bf5 20. h3 Bg5 21. Re2 axb4 22. axb4 Rc8 $17 {
[%csl Rb5,Rc3]}) 17... a5 $44) 14... Kxf8 15. Rad1 Be5 16. Be2 Bf5 17. g3 $6 {
The last chance to get some counter play was} (17. g4 Bd7 18. Kg2 Rc8 19. f4
Bg7 20. Bf3 a5 $132) 17... a5 $1 {[%csl Ra3] Intending to come to b4 with the
queen later on.} 18. Nb5 Ne4 {[%csl Rf2][%cal Gf5h3]} 19. Kg2 (19. Rc1 Bh3 $17)
19... Rc8 $15 20. Bd3 Rc5 21. Qa4 (21. Qb3 $5 Ng5 $140 22. Bxf5 Rxb5 23. Qd3
gxf5 24. Qxf5 f6 25. b3 Nf7 26. Qxh7 $132) 21... Nf6 22. Na3 (22. Bxf5 Qxb5 23.
Qxb5 Rxb5 24. Bc8 Rxb2 $17) 22... Qb4 $1 23. b3 Qxa4 24. bxa4 Rc3 (24... Bxd3
25. Rxd3 Nxd5 26. Rb3 Nb4 $17) 25. Bxf5 Rxa3 $1 {[%csl Ra2,Ra4,Rd5] Taking the
right piece!} 26. Bb1 Rxa4 27. Rd3 Ne4 28. f4 Bf6 29. g4 h6 30. h3 g5 31. fxg5
hxg5 32. Rb3 $2 {A blunder in a difficult position.} (32. Rc1) 32... Nd2 $19
33. Rxb7 Nxf1 34. Kxf1 Rd4 35. Rb5 Rd1+ 36. Ke2 Rh1 37. a3 Bb2 $1 38. Be4 (38.
Rxb2 Rh2+ $19) 38... Rxh3 39. Bg2 Rg3 40. Kf2 Be5 41. Bf3 f5 42. Rxa5 fxg4 43.
Be2 Kf7 44. Ra8 Kg6 45. a4 Kf5 46. a5 Ra3 47. Rf8+ Ke4 48. Bxg4 Ra2+ 49. Kf1
Rxa5 50. Be6 Bf4 51. Kg2 Ra2+ 52. Kh3 Rh2+ 0-1

[Event "Griesheim GM"]
[Site "Griesheim"]
[Date "2002.01.25"]
[Round "3"]
[White "Galdunts, Sergey"]
[Black "Jakubiec, Artur"]
[Result "1-0"]
[WhiteElo "2510"]
[BlackElo "2518"]
[Annotator "Finkel,A"]
[PlyCount "89"]
[EventDate "2002.01.23"]
[EventType "tourn"]
[EventRounds "9"]
[EventCountry "GER"]
[EventCategory "12"]
[SourceTitle "CBM 088"]
[Source "ChessBase"]
[SourceDate "2002.03.21"]
[SourceVersion "1"]
[SourceVersionDate "2002.03.21"]
[SourceQuality "1"]

1. e4 c5 2. Nf3 Nc6 3. Bb5 g6 4. Bxc6 dxc6 5. d3 Bg7 6. h3 Nf6 7. Nc3 Nd7 (7...
O-O 8. Bf4 Nd7 9. e5 Nb6 10. Ne4 c4 $1 11. d4 Nd5 12. Bh2 Bf5 13. Ng3 Qa5+ 14.
Nd2 Be6 15. O-O c5 16. Nf3 c3 $17 {Conquest,S-Michaelsen,N/Fuerth GER 1999}) 8.
O-O (8. Be3 Qa5 $6 $146 (8... a5 9. a4 $6 b6 10. Qd2 h6 11. O-O e5 12. Ne2 $2
Nf8 {[%cal Gf8e6]} 13. c3 Ba6 14. Rfd1 Ne6 $17 {[%csl Gd3] Groffen,H-Abolianin,
A/Vlissingen 1995/EXT 2000}) (8... b6 9. Qd2 e5 10. Bh6 O-O 11. O-O-O Re8 12.
g4 Nf8 13. Ne2 a5 14. Rdg1 Bf6 15. Bg5 Ne6 16. Bxf6 Qxf6 $13 {Bologan,V-Anand,
V/New Delhi/Theran 2000/CBM 80}) 9. Qd2 h6 $2 10. O-O e5 11. a3 {[%cal Gb2b4]}
Nf8 $2 12. b4 cxb4 13. axb4 Qxb4 14. Bxa7 $1 $18 {Oratovsky,M-Kagan,S/Ramat
Aviv 2000/CBM 77 .}) 8... e5 9. Be3 Qe7 (9... O-O 10. Qd2 Re8 11. Nh2 Qe7 12.
Bh6 Bh8 13. Ng4 Nf8 $13 {Adams,M-Kramnik,V/Dortmund 2000/CBM 78}) 10. Qd2 (10.
Ne2 $6 O-O 11. c3 $6 {[%csl Gd3]} b6 12. Qb3 Ba6 13. Rfd1 Rfd8 14. Rd2 Nf6 15.
Rad1 c4 $1 $17 {Lederer,Y-Sutovskij,E/Tel Aviv 1994/EXT 97}) 10... h6 11. Nh2 {
[%cal Gf2f4] Aiming to transfer f4 right away.} (11. a3 Nf8 (11... a5 12. Nh2 {
[%cal Gf2f4]} a4 13. f4 exf4 14. Bxf4 Ne5 15. Nf3 Nxf3+ 16. Rxf3 g5 17. Be3 Be6
18. Qf2 b6 19. d4 cxd4 20. Bxd4 Bxd4 21. Qxd4 Qc5 22. Qxc5 bxc5 $16 {[%csl Ga4,
Gc5,Gc6,Gf6] Tseitlin,M-Schmittdiel,E/Groningen 1994}) 12. b4 Ne6 13. Na4 Nd4
14. Ne1 b6 15. Rb1 cxb4 16. axb4 $14 {Melamed,T-Nekrasova,E/St Petersburg 1996/
EXT 2000}) 11... Nf8 12. f4 exf4 13. Bxf4 Ne6 14. Be3 Nd4 15. Nd1 $5 (15. Nf3
Be6 16. Qf2 Rd8 17. Rab1 O-O $13) 15... b6 16. c3 Ne6 17. Nf3 Ba6 18. Nf2 Rd8
19. Qc2 O-O 20. Rad1 f5 {There is no doubt that black is doing fine, but he
makes a mistake just when his position was getting beter and better...} 21.
exf5 Rxf5 (21... gxf5 $5 $132 {[%csl Rf2,Rf3]}) 22. Qa4 $1 Bb5 23. Qe4 {
[%csl Ge4,Rg6][%cal Gf3h4]} Qd6 $2 {After this move black my hardly save the
game (even though he tries very hard!). After acccurate} (23... Qf7 $1 {
black's chances are at least equal.} 24. Nh4 $140 $2 (24. a4 $6 Ba6 25. Qxc6 $2
Bb7 26. Qb5 Rxf3 27. gxf3 Qxf3 $19) 24... Re5 25. Qxg6 Qxg6 26. Nxg6 Rxe3 $19)
24. Nh4 $1 Nf4 (24... Re5 $2 25. Qxg6 Rxe3 26. Nf5 Qe5 27. Ng4 $18) 25. Rd2 $1
$16 (25. Nxf5 $6 Ne2+ 26. Kh1 gxf5 27. Qf3 (27. Qh4 Ng3+ 28. Kg1 Ne2+ $11)
27... Ng3+ 28. Kg1 Nxf1 29. Kxf1 Qd5 $13) 25... Rf7 26. c4 Ba6 27. Ng4 h5 (
27... Rdf8 28. Bxf4 Rxf4 29. Rxf4 Rxf4 30. Qxg6 $16 Qd4+ $140 31. Kh2 Rf1 32.
Re2 $1 {[%csl Ge3][%cal Ge2e8]} Qf4+ 33. g3 Rh1+ 34. Kxh1 Qf1+ 35. Kh2 Qxe2+
36. Ng2 $18) 28. Rxf4 Re7 29. Qxg6 Qxg6 30. Nxg6 Re6 31. Nh4 Bc8 (31... hxg4
32. Rxg4 Rf8 (32... Rxe3 33. Rxg7+ Kxg7 34. Nf5+ Kf6 35. Nxe3 $18) 33. Bf2 $18)
32. Nf5 $1 hxg4 33. Rxg4 Rf6 34. Ne7+ (34. Rxg7+ Kh8 35. Rxa7 Rxf5 36. Ra8 $18)
34... Kf7 35. Nxc8 Rxc8 36. Re4 Rf5 37. g4 Re5 38. Rxe5 Bxe5 39. d4 cxd4 40.
Bxd4 Bg3 (40... Rd8 41. Rf2+ Ke6 42. Bxe5 Kxe5 43. Kg2 $18) 41. Kg2 Bh4 42. Bf2
Bf6 43. Rd7+ Ke6 44. Rxa7 Rd8 45. Rc7 1-0

[Event "Olympiad-36"]
[Site "Mallorca"]
[Date "2004.10.28"]
[Round "13"]
[White "Hansen, Sune Berg"]
[Black "Nedev, Trajce"]
[Result "1/2-1/2"]
[WhiteElo "2551"]
[BlackElo "2528"]
[Annotator "Finkel,A"]
[PlyCount "109"]
[EventDate "2004.10.15"]
[EventType "team-swiss"]
[EventRounds "14"]
[EventCountry "ESP"]
[SourceTitle "CBM 104"]
[Source "ChessBase"]
[SourceDate "2005.01.27"]
[SourceVersion "1"]
[SourceVersionDate "2005.01.27"]
[SourceQuality "1"]
[WhiteTeam "Denmark"]
[BlackTeam "Macedonia"]
[WhiteTeamCountry "DEN"]
[BlackTeamCountry "MKD"]

1. e4 c5 2. Nf3 Nc6 3. Bb5 Nf6 4. Bxc6 dxc6 5. d3 g6 6. h3 Bg7 7. Nc3 Nd7 (7...
O-O 8. Bf4 Nd7 9. e5 Nb6 10. Ne4 c4 $1 11. d4 Nd5 12. Bh2 Bf5 13. Ng3 Qa5+ 14.
Nd2 Be6 15. O-O c5 16. Nf3 c3 $17 {Conquest,S-Michaelsen,N/Fuerth GER 1999}) 8.
Be3 (8. O-O e5 9. Be3 O-O (9... Qe7 10. Ne2 $6 O-O 11. c3 $6 {[%csl Gd3]} b6
12. Qb3 Ba6 13. Rfd1 Rfd8 14. Rd2 Nf6 15. Rad1 c4 $1 $17 {Lederer,Y-Sutovskij,
E/Tel Aviv 1994/EXT 97}) 10. Qd2 Re8 11. Nh2 Qe7 12. Bh6 Bh8 13. Ng4 Nf8 $13 {
Adams,M-Kramnik,V/Dortmund 2000/CBM 78}) 8... e5 (8... Qa5 $6 9. Qd2 h6 $2 10.
O-O e5 11. a3 {[%cal Gb2b4]} Nf8 $2 12. b4 cxb4 13. axb4 Qxb4 14. Bxa7 $1 $18 {
Oratovsky,M-Kagan,S/Ramat Aviv 2000/CBM 77 .}) (8... a5 9. a4 $6 b6 10. Qd2 h6
11. O-O e5 12. Ne2 $2 Nf8 {[%cal Gf8e6]} 13. c3 Ba6 14. Rfd1 Ne6 $17 {[%csl
Gd3] Groffen,H-Abolianin,A/Vlissingen 1995/EXT 2000}) (8... b6 9. Qd2 e5 10.
Bh6 O-O 11. O-O-O Re8 12. g4 Nf8 13. Ne2 a5 14. Rdg1 Bf6 15. Bg5 Ne6 16. Bxf6
Qxf6 $13 {Bologan,V-Anand,V/New Delhi/Theran 2000/CBM 80}) 9. Qd2 h6 10. O-O
Qe7 11. a3 (11. Nh2 {[%cal Gf2f4]} Nf8 12. f4 exf4 13. Bxf4 Ne6 14. Be3 Nd4 15.
Nd1 $5 (15. Nf3 Be6 16. Qf2 Rd8 17. Rab1 O-O $13) 15... b6 16. c3 Ne6 17. Nf3
Ba6 18. Nf2 Rd8 19. Qc2 O-O $132 {Galdunts,S-Jakubiec,A/Griesheim 2002}) 11...
b6 $5 {Black has no chance to castle kingside as long as white pieces keep an
eye on h6, so he prepares an evaquation of the king to the queenside.} (11...
Nf8 12. b4 Ne6 13. Na4 b6 (13... Nd4 14. Ne1 b6 15. Rb1 cxb4 16. axb4 $14 {
Melamed,T-Nekrasova,E/St Petersburg 1996/EXT 2000}) 14. Rae1 Ba6 15. bxc5 b5
16. Nb2 Rd8 17. a4 $14 {Delgado,N-Schandorff,L/Mallorca 2004}) (11... a5 12.
Nh2 {[%cal Gf2f4]} a4 13. f4 exf4 14. Bxf4 Ne5 15. Nf3 Nxf3+ 16. Rxf3 g5 17.
Be3 Be6 18. Qf2 b6 19. d4 cxd4 20. Bxd4 Bxd4 21. Qxd4 Qc5 22. Qxc5 bxc5 $14 {
[%csl Ra4,Rc5,Rc6] Tseitlin,M-Schmittdiel,E/Groningen 1994}) 12. Rfe1 Bb7 (
12... Nf8 13. b4 Ne6 14. bxc5 Nxc5 15. Nxe5 Qxe5 16. d4 Qd6 17. dxc5 Qxd2 18.
Bxd2 O-O $44 {Nemeth,F-Raceanu,V/Techirghiol 2003}) 13. Na4 $5 {[%cal Gb2b4]}
O-O-O $6 {Too hasty. Black should've started with 13...f5 not permitting white
to regroup his pieces.} (13... f5 $142 $1 14. Qe2 f4 15. Bd2 g5 16. Nh2 h5 17.
f3 Nf6 $15) 14. Nh2 f5 15. f3 {Now white bishop may retreat to f2.} Nf6 16. Bf2
f4 17. b4 c4 (17... cxb4 18. axb4 Kb8 19. Nb2 $36 {[%csl Ra7][%cal Ga1a4,Ge1a1]
}) 18. Bxb6 $1 {Getting 3 pawns for a piece and nice attacking prospects.} axb6
19. Nxb6+ Kb8 20. Nxc4 $36 g5 21. Rab1 Ne8 {Intending to bring the knight to
the queenside to help it's monarch.} (21... h5 22. b5 c5 (22... Qc5+ $6 23. Qf2
Qxf2+ 24. Kxf2 c5 25. a4 Ne8 26. a5 Nc7 27. a6 $14) 23. Qc3 Rde8 24. a4 g4 25.
a5 gxh3 26. a6 Bc8 27. Ra1 $36) 22. a4 h5 23. Na5 (23. b5 $5) 23... Nc7 24. Qf2
$5 {[%cal Gf2b6]} Qd7 25. c3 $5 {[%csl Gd4] White is on guard. Queen's trade
isn't part of his plan at the moment.} Rh6 $5 {[%csl Gc6]} 26. b5 (26. Qb6 Na8)
26... cxb5 27. axb5 Bf8 28. Red1 {[%cal Gd3d4]} (28. Nc6+ Rxc6 29. bxc6 Qxc6
30. Qd2 Bc5+ 31. Kh1 Ne6 $132) 28... Nxb5 $5 29. Nxb7 $5 (29. c4 $5 Nc3 (29...
Nd6 30. Qb2 Ka8 31. c5 $16) 30. Nxb7 Nxb1 (30... Nxd1 $2 31. Nd6+ Kc7 32. Qb6#)
31. Rxb1 Qxd3 32. Rb5 Qxc4 33. Nd6+ Qxb5 34. Nxb5 Rd7 35. Qb2 $16) 29... Qxb7
30. c4 Rb6 31. cxb5 Rxb5 32. Rxb5 Qxb5 33. Qa2 Rxd3 34. Rb1 Bb4 35. Kh1 $1 (35.
Nf1 g4 36. hxg4 hxg4 37. fxg4 Kc7 $132) 35... Kb7 $2 36. Qf7+ $6 {Missing a
chance to decide the game in his favor after} (36. Qe2 $1 $18 {[%csl Rb5,Rd3]
[%cal Gb1b4]} Rd5 $140 37. Rxb4 Qxb4 38. exd5) 36... Ka6 37. Nf1 $1 {Even
after white's miss on the previous move his position remains winning.} (37.
Qf6+ Ka7 38. Qxg5 Qa4 39. Rf1 Bd6 40. Qxh5 Rd1 41. Qf7+ Kb6 42. h4 Qc2 $44 {
[%cal Gc2d3]}) 37... g4 38. hxg4 hxg4 39. Qe6+ (39. fxg4) 39... Rd6 40. Qc8+
Kb6 41. Qb8+ Kc6 42. Qc8+ Kb6 43. fxg4 $18 Rd4 44. Nh2 $6 ({i fail to find the
reasons why not to play} 44. Qb8+ Ka6 (44... Kc6 45. Rc1+ Bc5 46. Qxe5 $18) 45.
Ra1+ Ba5 46. Qa8+ Kb6 47. g5 $18 {with decisive advantage, but obviously both
sides were in the severe time trouble.}) 44... Rxe4 45. Qb8+ $6 (45. Nf3 $5 $40
) 45... Kc6 $132 46. Qc8+ Kb6 47. Qb8+ Kc6 48. Qa8+ Qb7 49. Rc1+ Kb6 50. Qd8+
Kb5 51. Qd3+ Kb6 52. Qd8+ Kb5 53. Qd3+ Kb6 54. Qd8+ Kb5 55. Qd3+ 1/2-1/2

[Event "FIDE World Cup"]
[Site "Khanty Mansiysk"]
[Date "2019.09.14"]
[Round "2.2"]
[White "Firouzja, Alireza"]
[Black "Dubov, Daniil"]
[Result "1-0"]
[WhiteElo "2702"]
[BlackElo "2699"]
[Annotator "Firouzja,A"]
[PlyCount "136"]
[EventDate "2019.09.10"]
[EventType "k.o."]
[EventRounds "7"]
[EventCountry "RUS"]
[SourceTitle "CBM 192"]
[Source "ChessBase"]
[SourceDate "2019.10.31"]
[SourceVersion "1"]
[SourceVersionDate "2019.10.31"]
[SourceQuality "1"]

{[%evp 0,136,16,10,32,40,53,37,63,39,38,25,28,0,-5,2,-1,-4,-5,-12,15,9,11,1,3,
3,-4,-35,7,7,47,-15,-23,0,0,-5,65,56,69,69,76,88,58,49,37,21,33,31,31,31,29,29,
110,66,86,73,92,95,95,108,106,106,98,39,30,34,40,41,40,32,0,9,27,16,15,49,38,
31,31,38,41,65,65,66,109,61,109,145,117,153,152,165,167,131,215,230,240,246,
246,242,242,256,255,252,254,250,250,250,250,257,259,261,261,261,254,280,305,
303,333,290,339,362,426,344,336,366,507,527,537,537,547,547,547,547,577,29978,
29979,29980,29981]} 1. e4 {This was a very important game for two reasons.
First - this was the second round of our match. Second - I had a minus score
with him so I really wanted to level it up! :)} c5 2. Nf3 Nc6 3. Bb5 g6 4. O-O
Bg7 5. c3 Nf6 6. Re1 O-O 7. h3 {Of course i was expecting him to play this line
} Qb6 8. a4 $5 {A very new move. The point is that the Nb1 wants to come to c3,
not to a3 directly like in the old line.} (8. Na3 {is the main move.} Rd8 9. e5
Ne8 10. d4 cxd4 11. cxd4 d6 $13) 8... a6 9. Bxc6 $5 {Playing for initiative.} (
{The solid move is} 9. Bf1 e5 $13) 9... bxc6 $5 (9... Qxc6 10. d4 d5 11. e5 Ne4
12. dxc5 $14) 10. e5 Nd5 11. a5 Qd8 {Not really the move I was expecting.} ({
After} 11... Qc7 {we might reach more or less same type of position as in the
game.}) 12. d3 d6 13. Qa4 $1 {The queen on a4 will do a great job: it is
eyeing the pawn on c6 and sometimes White can play Qh4 attacking the kingside.}
dxe5 (13... Qc7 14. Nbd2 $13) 14. Nxe5 Bxe5 15. Rxe5 Qd6 16. Re1 Bf5 17. Na3 $1
{I think the move that my opponent missed when he took 13...dxe5.} Rfe8 (17...
Bxd3 $6 18. Bh6 Rfb8 19. Rad1 c4 20. Nxc4 Bxc4 21. Qxc4 Rxb2 22. Qd4 Qf6 23.
Qxf6 exf6 24. c4 $18 {The king on g8 is simply very weak.}) 18. Nc4 Qc7 19. Be3
$1 {A very hard decision to make because I really liked my dark-squared bishop,
but I realised that his knight was doing a really good job.} Nxe3 20. Rxe3 $16
{My d3 pawn is weak, but just look at his pawn structure on the queenside...}
Rad8 21. Ne5 f6 22. Qxc6 {Going for it but maybe not the best decision to make.
} (22. Qc4+ Rd5 23. Nf3 Qb7 24. Rae1 Kg7 25. d4 $16 {Still a really promising
advantage.}) 22... Qd6 $1 {This move I saw, but...} 23. Qxd6 exd6 24. Ng4 $1 {
Luckily I am still keeping the advantage here.} (24. Nc6 $2 Rxe3 25. fxe3 Re8
$1 $19 {The move that I missed when I took on c6.}) 24... Rxe3 25. fxe3 Rb8 $5
{A very interesting move, maybe not the best, but it made me think a lot.} 26.
Nxf6+ $1 (26. Nh6+ {The move that I was calculating a lot.} Kg7 27. Nxf5+ gxf5
28. Rb1 Rb3 29. Kf2 d5 30. Kf3 c4 31. dxc4 dxc4 32. e4 Rb5 {und it needs more
analysis to see if this position is winning or not.}) 26... Kg7 27. Nd5 {
I kept the knight to maintain winning chances.} Rxb2 28. e4 Bd7 29. Rf1 $1 {
Threatening Rf6 and some mating ideas.} Be6 $1 (29... Bb5 30. c4 Ba4 31. Nc7)
30. Nc7 Bd7 $1 31. Nxa6 $6 {Not a good move, but believe me it's a very
tempting one to play over the board.} (31. c4 Ra2 32. Nd5 Be6 33. Nc7 Bd7 34.
Rb1 Kf6 $14 {Black still is having great chances to hold.}) 31... Rb7 32. c4
Be8 $3 {This move is simply too good!!} 33. e5 Ra7 34. Nb8 Rb7 35. Na6 Ra7 36.
Nb8 Rb7 {Okay, here the situation was that I had 1 min on the clock and Na6 is
a draw, but I really didnt want to call it a day and go home when I saw this
very interesting line:} 37. exd6 Rxb8 38. Re1 {I can understand it's very hard
to decide how he should continued played here, but he should play actively.}
Kf8 $2 {Too passive.} (38... Kf6 $1) 39. Re7 Rd8 40. a6 Rxd6 41. a7 Rd8 42. Rb7
{I cannot really call this move bad because Black must be very precise after
that.} (42. Rc7 $1 Ra8 43. Kf2 Bf7 44. Ke3 Kg7 45. d4 Kf6 46. d5 Be8 47. Rb7 $3
{The move that I missed in my calculation - and such a good one! :)} (47. Rxh7
$2 Bf7 $15) 47... Ba4 $15 48. Rxh7 {No ...Bf7 here, and this should be
technical win.}) 42... Bc6 $4 {My opponent missed that the rook trades are
just winning for White.} (42... Ra8 $1 {and it's still a very double-edged
situation.}) 43. Rc7 Be8 (43... Ba8 {I believe this is what my opponent was
planning when he played 42...Bc6.} 44. Rxh7 Kg8 45. Rc7 Rf8 46. h4 Rf7 47. Rxf7
$1 Kxf7 48. g4 {and the h-pawn is simply too strong,}) 44. Kf2 $18 {But White
still should be careful.} g5 45. Ke3 h6 46. g3 {Just a waiting move.} Bg6 $5 {
A very interesting try, otherwise I thought it is just easy win.} (46... Ba4
47. Ke4 Bc2 48. Rd7 $1 Re8+ 49. Kf5 $18) 47. Rb7 Rxd3+ 48. Kf2 $3 {The move
that my opponent missed.} (48. Ke2 Ra3 49. Rb8+ Kg7 50. a8=Q Bd3+ $1 51. Kf2
Rxa8 52. Rxa8 Bxc4 {This is what he was planning and it is a theoretical draw.
The white king simply can't enter Black's kingside.}) 48... Ra3 49. Rb8+ Kg7
50. a8=Q Rxa8 51. Rxa8 Bd3 52. Ra4 {I knew that this is just winning.} Kf6 53.
Ke3 Bf1 54. h4 gxh4 55. gxh4 Ke5 56. Ra6 Bxc4 57. Rxh6 Be6 58. Rg6 {And the
black king never can come back to the g7 square.} Bf5 (58... Bf7 $1 59. Rg5+
Kf6 60. Kf4 (60. Rxc5 {Funnily, this is winning too due to the pawn being on
h4 not on h5! But there are a lot of details so...}) 60... c4 61. Ke4 Bg6+ 62.
Kd4 Bf7 63. Rg3 Ke7 64. Ke5 $18) 59. Rg1 Kf6 60. h5 Bh7 61. h6 Bg6 62. Kd2 Kf7
63. Kc3 Kf6 64. Kc4 Bf7+ 65. Kxc5 Bg6 66. Kd6 Kf7 67. Ke5 Bd3 68. Rg7+ Kf8 {
and in view of 69.Kf6 and 70.h7} 1-0